000
00283nam a22000977a 4500
999
_c
11186
_d
11186
008
181008b ||||| |||| 00| 0 eng d
020
_a
9780007492589
100
_a
GOYAL
_9
6943
245
_a
Collins Easy Learning German Crammer and Practice
260
_a
New Delhi
_b
Goyal Publication
_c
2017